Under the same sun : (Record no. 1019)

MARC details
000 -LEADER
campo de control de longitud fija 01820nam a22002777a 4500
008 - DATOS DE LONGITUD FIJA--INFORMACIÓN GENERAL
campo de control de longitud fija 160820s2016 enk||||| |||| 00| 0 eng d
082 04 - NÚMERO DE LA CLASIFICACIÓN DECIMAL DEWEY
Número de clasificación 708
Número de ítem U551u
110 1# - ENTRADA PRINCIPAL--NOMBRE DE ENTIDAD CORPORATIVA
Nombre de entidad corporativa o nombre de jurisdicción como elemento de entrada Guggenheim UBS MAP.
9 (RLIN) 5436
245 10 - MENCIÓN DEL TÍTULO
Título Under the same sun :
Resto del título art from Latin America today /
Mención de responsabilidad, etc. Guggenheim UBS MAP ; curaduría por Pablo León de la Barra ; South London Gallery.
250 ## - MENCION DE EDICION
Mención de edición 1a ed.
260 ## - PUBLICACIÓN, DISTRIBUCIÓN, ETC.
Lugar de publicación, distribución, etc. London :
Nombre del editor, distribuidor, etc. SLG,
Fecha de publicación, distribución, etc. 2016.
300 ## - DESCRIPCIÓN FÍSICA
Extensión 20 p.
Otras características físicas il. col.
500 ## - NOTA GENERAL
Nota general Catálogo publicado con motivo a la exposición "Under the same sun: Arte from Latin America today", presentada en South London Gallery, del 10 de junio al 4 de setiembre de 2016.
500 ## - NOTA GENERAL
Nota general Artistas: Jennifer Allora and Guillermo Calzadilla, Carlos Amorales, Armando Andrade Tudela, Alexander Apóstol, Tania Bruguera, Paulo Bruscky, Luis Camnitzer, Mariana Castillo Deball, Alejandro Cesarco, Raimond Chaves and Gilda Mantilla, Donna Conlon and Jonathan Harker, Adriano Costa, Minerva Cuevas, Jonathas de Andrade, Wilson Díaz, Juan Downey, Rafael Ferrer, Regina José Galindo, Mario García Torres, Dominique González-Foerster, Tamar Guimarães, Federico Herrero, Alfredo Jaar, Claudia Joskowicz, Runo Lagomarsino, David Lamelas, Marta Minujín, Carlos Motta, Iván Navarro, Rivane Neuenschwander, Gabriel Orozco, Damián Ortega, Amalia Pica, Wilfredo Prieto, Paul Ramírez Jonas, Beatriz, Santiago Muñoz, Gabriel Sierra, Javier Téllez, Erika Verzutti, Carla Zaccagnini.
653 10 - TÉRMINO DE INDIZACIÓN--NO CONTROLADO
Término no controlado Arte contemporáneo
653 10 - TÉRMINO DE INDIZACIÓN--NO CONTROLADO
Término no controlado Arte Latinoamericano
653 10 - TÉRMINO DE INDIZACIÓN--NO CONTROLADO
Término no controlado Catálogo de exhibición
653 10 - TÉRMINO DE INDIZACIÓN--NO CONTROLADO
Término no controlado Exhibiciones
653 10 - TÉRMINO DE INDIZACIÓN--NO CONTROLADO
Término no controlado Intslaciones
653 10 - TÉRMINO DE INDIZACIÓN--NO CONTROLADO
Término no controlado Fotografía
653 10 - TÉRMINO DE INDIZACIÓN--NO CONTROLADO
Término no controlado Videoarte
653 10 - TÉRMINO DE INDIZACIÓN--NO CONTROLADO
Término no controlado Escultura
653 10 - TÉRMINO DE INDIZACIÓN--NO CONTROLADO
Término no controlado Artistas latinoamericanos
700 1# - ENTRADA AGREGADA--NOMBRE PERSONAL
Nombre de persona León de la Barra, Pablo.
Término indicativo de función/relación curador.
9 (RLIN) 5437
710 1# - ENTRADA AGREGADA--NOMBRE DE ENTIDAD CORPORATIVA
Nombre de entidad corporativa o nombre de jurisdicción como elemento de entrada South London Gallery.
9 (RLIN) 5438
Holdings
Estatus retirado Estado de pérdida Fuente del sistema de clasificación o colocación Estado de daño No para préstamo Biblioteca de origen Biblioteca actual Ubicación en estantería Fecha de adquisición Total de préstamos Signatura topográfica completa Código de barras Visto por última vez Precio de reemplazo Tipo de ítem Koha
    Clasificación Decimal Dewey     Biblioteca LadoV Biblioteca LadoV   20/08/2016   708 U551u 004219 20/08/2016 20/08/2016 Material 01